Quizz Pays et Histoire - Statistiques

Statistiques générales
  • Ce quiz a été pris 1 954 fois
  • Le résultat moyen est 7 sur 10
Statistiques - réponses
Question Réponse % Correct
Quelle pays n'est pas dans L'UE ( Union Européenne ) ? Niveau Facile Royaume-Uni
93%
En quelle année la bataille de Waterloo c'est déroulé Niveau Facile 1815
87%
Quelle Empereur dirigeait l'empire Carolingien ? Niveau Facile Charlemagne
84%
Quelle sont les 3 pays les plus connues a avoir fait partie de l'Axe Niveau Moyen Allemagne Japon Italie
73%
En quelle année l'URSS disparait Niveau Dur 1991
70%
Quelle est l'ancien nom de l'Iran en -550 avant J.C Niveau Moyennement Dur Empire Perse
68%
En quelle année l'abolition de l'esclavage a eu lieu Niveau Moyennement Dur 1848
63%
Quelle est le second plus grand empire de tout les temps Niveau Moyen Empire Mongol
45%
Combien il y a de pays en Europe ? Niveau Facile 45
38%
En quelle année l'Angola arrive a accéder a l'indépendance Niveau Impossible 1975
33%
Aucun quiz correspondant
Distribution des résultats
% des personnes avec chaque résultat
Percentile par nombre de réponses
Votre historique - résultats
Vous n’avez pas pris ce quiz